Sports Quiz

Random Sports or Famous Quiz

UFC Champions Quiz Stats

 Plays Quiz Updated Aug 8, 2018

Challenge
Share
Tweet
Embed
Score 0/86 Timer 20:00
3 Plays Today
Weight Class Champion % Correct
Women's Bantamweight (135)๐Ÿ‡บ๐Ÿ‡ธ Ronda Rousey
93.9%
Featherweight (145)๐Ÿ‡ฎ๐Ÿ‡ช Conor McGregor
91.5%
Lightweight (155)๐Ÿ‡ฎ๐Ÿ‡ช Conor McGregor
91.4%
Women's Bantamweight (135)๐Ÿ‡บ๐Ÿ‡ธ Holly Holm
88.9%
Light Heavyweight (205)๐Ÿ‡บ๐Ÿ‡ธ Jon Jones
88.1%
Middleweight (185)๐Ÿ‡ง๐Ÿ‡ท Anderson Silva
85.5%
Featherweight (145)๐Ÿ‡ง๐Ÿ‡ท Josรฉ Aldo
85.5%
Middleweight (185)๐Ÿ‡จ๐Ÿ‡ฆ Georges St-Pierre
85.3%
Featherweight (145)๐Ÿ‡ง๐Ÿ‡ท Josรฉ Aldo (2)
85.1%
Flyweight (125)๐Ÿ‡บ๐Ÿ‡ธ Demetrious Johnson
84.9%
Welterweight (170)๐Ÿ‡จ๐Ÿ‡ฆ Georges St-Pierre
83%
Welterweight (170)๐Ÿ‡จ๐Ÿ‡ฆ Georges St-Pierre (2)
83%
Light Heavyweight (205)๐Ÿ‡บ๐Ÿ‡ธ Daniel Cormier
82.1%
Women's Bantamweight (135)๐Ÿ‡ง๐Ÿ‡ท Amanda Nunes
82.1%
Women's Bantamweight (135)๐Ÿ‡บ๐Ÿ‡ธ Miesha Tate
81.8%
Lightweight (155)๐Ÿ‡ท๐Ÿ‡บ Khabib Nurmagomedov
81.4%
Heavyweight (265)๐Ÿ‡บ๐Ÿ‡ธ Brock Lesnar
81.4%
Middleweight (185)๐Ÿ‡ฌ๐Ÿ‡ง Michael Bisping
81.2%
Bantamweight (135)๐Ÿ‡บ๐Ÿ‡ธ TJ Dillashaw (2)
80.7%
Women's Featherweight (145)๐Ÿ‡ง๐Ÿ‡ท Cristiane Justino
80.3%
Featherweight (145)๐Ÿ‡บ๐Ÿ‡ธ Max Holloway
79.6%
Bantamweight (135)๐Ÿ‡บ๐Ÿ‡ธ Dominick Cruz
79.1%
Bantamweight (135)๐Ÿ‡บ๐Ÿ‡ธ Dominick Cruz (2)
78.9%
Lightweight (155)๐Ÿ‡บ๐Ÿ‡ธ Eddie Alvarez
77.4%
Heavyweight (265)๐Ÿ‡บ๐Ÿ‡ธ Stipe Miocic
76.6%
Welterweight (170)๐Ÿ‡บ๐Ÿ‡ธ Tyron Woodley
76.6%
Bantamweight (135)๐Ÿ‡บ๐Ÿ‡ธ TJ Dillashaw
76.3%
Bantamweight (135)๐Ÿ‡บ๐Ÿ‡ธ Cody Garbrandt
75.7%
Middleweight (185)๐Ÿ‡บ๐Ÿ‡ธ Luke Rockhold
75.3%
Weight Class Champion % Correct
Flyweight (125)๐Ÿ‡บ๐Ÿ‡ธ Henry Cejudo
75%
Middleweight (185)๐Ÿ‡บ๐Ÿ‡ธ Chris Weidman
74.7%
Women's Strawweight (115)๐Ÿ‡บ๐Ÿ‡ธ Rose Namajunas
73.6%
Heavyweight (265)๐Ÿ‡บ๐Ÿ‡ธ Cain Velasquez (2)
73.5%
Heavyweight (265)๐Ÿ‡บ๐Ÿ‡ธ Cain Velasquez
73.5%
Light Heavyweight (205)๐Ÿ‡บ๐Ÿ‡ธ Chuck Liddell
72.8%
Welterweight (170)๐Ÿ‡บ๐Ÿ‡ธ Robbie Lawler
72.6%
Lightweight (155)๐Ÿ‡บ๐Ÿ‡ธ BJ Penn
72.6%
Welterweight (170)๐Ÿ‡บ๐Ÿ‡ธ BJ Penn
72.6%
Women's Strawweight (115)๐Ÿ‡ต๐Ÿ‡ฑ Joanna Jฤ™drzejczyk
72.4%
Heavyweight (265)๐Ÿ‡บ๐Ÿ‡ธ Daniel Cormier
71.6%
Lightweight (155)๐Ÿ‡ง๐Ÿ‡ท Rafael dos Anjos
71.5%
Heavyweight (265)๐Ÿ‡ง๐Ÿ‡ท Fabrรญcio Werdum
69.1%
Heavyweight (265)๐Ÿ‡ง๐Ÿ‡ท Junior dos Santos
68.9%
Light Heavyweight (205)๐Ÿ‡บ๐Ÿ‡ธ Randy Couture (2)
68.8%
Light Heavyweight (205)๐Ÿ‡บ๐Ÿ‡ธ Randy Couture
68.8%
Heavyweight (265)๐Ÿ‡บ๐Ÿ‡ธ Randy Couture
68.8%
Heavyweight (265)๐Ÿ‡บ๐Ÿ‡ธ Randy Couture (2)
68.8%
Heavyweight (265)๐Ÿ‡บ๐Ÿ‡ธ Randy Couture (3)
68.8%
Middleweight (185)๐Ÿ‡ณ๐Ÿ‡ฟ Robert Whittaker
68.5%
Light Heavyweight (205)๐Ÿ‡บ๐Ÿ‡ธ Quinton Jackson
67.1%
Welterweight (170)๐Ÿ‡บ๐Ÿ‡ธ Matt Hughes
66.9%
Welterweight (170)๐Ÿ‡บ๐Ÿ‡ธ Matt Hughes (2)
66.9%
Welterweight (170)๐Ÿ‡บ๐Ÿ‡ธ Matt Serra
65.4%
Lightweight (155)๐Ÿ‡บ๐Ÿ‡ธ Anthony Pettis
64.6%
Lightweight (155)๐Ÿ‡บ๐Ÿ‡ธ Ben Henderson
64%
Light Heavyweight (205)๐Ÿ‡บ๐Ÿ‡ธ Tito Ortiz
63.4%
Heavyweight (265)๐Ÿ‡บ๐Ÿ‡ธ Frank Mir
63.3%
Light Heavyweight (205)๐Ÿ‡ง๐Ÿ‡ท Lyoto Machida
63.3%
Weight Class Champion % Correct
Light Heavyweight (205)๐Ÿ‡ง๐Ÿ‡ท Maurรญcio Rua
62.5%
Welterweight (170)๐Ÿ‡บ๐Ÿ‡ธ Johny Hendricks
62%
Light Heavyweight (205)๐Ÿ‡บ๐Ÿ‡ธ Rashad Evans
62%
Lightweight (155)๐Ÿ‡บ๐Ÿ‡ธ Frankie Edgar
61.2%
Bantamweight (135)๐Ÿ‡ง๐Ÿ‡ท Renan Barรฃo
60.6%
Light Heavyweight (205)๐Ÿ‡บ๐Ÿ‡ธ Forrest Griffin
58%
Women's Featherweight (145)๐Ÿ‡ณ๐Ÿ‡ฑ Germaine de Randamie
54.8%
Light Heavyweight (205)๐Ÿ‡บ๐Ÿ‡ธ Frank Shamrock
52.4%
Women's Strawweight (115)๐Ÿ‡บ๐Ÿ‡ธ Carla Esparza
52.3%
Middleweight (185)๐Ÿ‡บ๐Ÿ‡ธ Rich Franklin
50.8%
Light Heavyweight (205)๐Ÿ‡ง๐Ÿ‡ท Vitor Belfort
49.4%
Heavyweight (265)๐Ÿ‡บ๐Ÿ‡ธ Tim Sylvia
47.7%
Heavyweight (265)๐Ÿ‡บ๐Ÿ‡ธ Tim Sylvia (2)
47.6%
Heavyweight (265)๐Ÿ‡ง๐Ÿ‡พ Andrei Arlovski
47.4%
Heavyweight (265)๐Ÿ‡บ๐Ÿ‡ธ Mark Coleman
41.4%
Women's Flyweight (125)๐Ÿ‡บ๐Ÿ‡ธ Nicco Montaรฑo
40.4%
Heavyweight (265)๐Ÿ‡บ๐Ÿ‡ธ Maurice Smith
39.4%
Lightweight (155)๐Ÿ‡บ๐Ÿ‡ธ Sean Sherk
39%
Lightweight (155)๐Ÿ‡บ๐Ÿ‡ธ Jens Pulver
37.9%
Heavyweight (265)๐Ÿ‡ณ๐Ÿ‡ฑ Bas Rutten
37.1%
Heavyweight (265)๐Ÿ‡บ๐Ÿ‡ธ Josh Barnett
34.3%
Welterweight (170)๐Ÿ‡จ๐Ÿ‡ฆ Carlos Newton
34.2%
Heavyweight (265)๐Ÿ‡บ๐Ÿ‡ธ Kevin Randleman
32.1%
Welterweight (170)๐Ÿ‡บ๐Ÿ‡ธ Pat Miletich
28.3%
Middleweight (185)๐Ÿ‡บ๐Ÿ‡ธ Evan Tanner
28%
Heavyweight (265)๐Ÿ‡บ๐Ÿ‡ธ Ricco Rodriguez
26.3%
Middleweight (185)๐Ÿ‡ง๐Ÿ‡ท Murilo Bustamante
23.1%
Middleweight (185)๐Ÿ‡บ๐Ÿ‡ธ Dave Menne
21.2%

You're not logged in!

Compare scores with friends on all Sporcle quizzes.
Join for Free
OR
Log In

You Might Also Like...

Show Comments

Extras

Top Quizzes Today


Score Distribution

Your Account Isn't Verified!

In order to create a playlist on Sporcle, you need to verify the email address you used during registration. Go to your Sporcle Settings to finish the process.

Report this User

Report this user for behavior that violates our Community Guidelines.

Details: